Wales County Quiz - Mid Glamorgan - Statistics

General Stats
  • This quiz has been taken 43 times
  • The average score is 8 of 15
Answer Stats
Hint Answer % Correct
Large town with a long industrial heritage, one of the seats of the industrial revolution Merthyr {Tydfil}
92%
The valleys around Rhondda were once dominated by mines extracting this mineral Coal
89%
Large town in the south of Mid Glamorgan, located on the River Ogmore Bridgend
86%
Town that grew up around a 19th century inn of the same name {Mountain} Ash
81%
Name given to the major A465 trunk road which cuts across the north of Mid Glamorgan {Heads} of the Valleys Road
78%
Holiday resort with a large promenade and the beaches of Trecco Bay and Sandy Bay Porthcawl
65%
Mid Glamorgan actress who co-wrote and starred in the BBC sitcom 'Gavin & Stacey' Ruth Jones
59%
Rock band from Cwmaman who had hits with 'Have a Nice Day' and 'Dakota' Stereophonics
57%
In 1913, this weather phenomenon passed through the Taff valley, causing three deaths Tornado
54%
Another fashion designer from Mid-Glamorgan, whose style was characterised by Romantic English designs and the use of natural fabrics. Laura Ashley
38%
Mid-Glamorgan born fashion designer, perhaps best known for designing the wedding dress of Diana, Princess of Wales, with his his former wife Elizabeth David Emanuel
35%
Nant-y-Moel born 1964 Olympic long jump champion Llyn Davies
35%
This sporting complex on the site of a former mine near Treharris began as a centre dedicated to this activity Climbing
27%
Best-selling British computer, most of which are made in a Sony factory in Pencoed {Raspberry} Pi
19%
This mining engineer built the first practical steam-driven locomotive which was demonstrated hauling a train on the Penydarren Ironworks tramway in 1804 Richard Trevithick
19%
No matching quizzes found
Score Distribution
Percent of People with Each Score
Percentile by Number Answered
Your Score History
You have not taken this quiz